01340 2200229 4500001002100000005001500021035002000036001002100056005001500077035002000092245005300112100001300165250001700178300003200195260003300227082000800260084001400268020002200282650001500304520075300319500003801072INLIS00000000000062520240826080231 a0010-0824000143INLIS00000000000054620240820094014 a0010-08240000641 aBudi Daya Terpadu Hewan dan Tumbuhan /cSuparman0 aSuparman acetakan ke-1 aiv, 60 hlm :bIlus ;c22 cm aDemak :bGaneca Exact,c2006 a636 a636 SUP b a978-979-744-506-2 4aPeternakan aBuku ini mengulas bagaimana memanfaatkan lahan sempit untuk usaha peternakan ayam sekaligus pemeliharaan ikan. Buku ini disusun secara sederhana berdasarkan pengalaman di lapangan. Usaha pemeliharaan ayam dan pemeliharaan ikan dapat kita jumpai hampir di semua desa di seluruh indonesia.Namun, kebanyakan pemeliharaan atau peternakan ayam dan pemeliharaan ikan berdiri sendiri-sendiri sehingga hasil yang didapat belum maksimal. Untuk itu, perlu kiranya kita menggalakkan sistem pertanian terpadu. Apakah sistem pelestarian terpadu itu ? Pertanian terpadu adalah gabungan beberapa usaha, seperti peternakan ayam, pemeliharaan ikan, dan cocok tanam dalam satu lokasi lahan pertanian. Tentu saja, setiap usaha ini diharapkan tidak saling merugikan. aSeri Keterampilan Flora dan Fauna